Guía del viajero en León y su provincia / (Record no. 159714)
[ view plain ]
| 000 -LEADER | |
|---|---|
| campo de control de longitud fija | 01221nam a22002535i 4500 |
| 001 - NÚMERO DE CONTROL | |
| campo de control | 159714 |
| 003 - IDENTIFICADOR DE NÚMERO DE CONTROL | |
| campo de control | ES-MaACL |
| 005 - FECHA Y HORA DE LA ÚLTIMA TRANSACCIÓN | |
| campo de control | 20230906211743.0 |
| 008 - DATOS DE LONGITUD FIJA--INFORMACIÓN GENERAL | |
| campo de control de longitud fija | 970610s1879 sp f |||| | spa d |
| 080 ## - NÚMERO DE LA CLASIFICACIÓN DECIMAL UNIVERSAL | |
| Número de la Clasificación Decimal Universal | 913(460.181)"18" |
| 100 1# - ENTRADA PRINCIPAL--NOMBRE DE PERSONA | |
| Nombre de persona | Mingote y Tarazona, Policarpo. |
| 9 (RLIN) | 129947 |
| 245 10 - MENCIÓN DEL TÍTULO | |
| Título | Guía del viajero en León y su provincia / |
| Mención de responsabilidad, etc. | por D. Policarpo Mingote y Tarazona. |
| 260 ## - PUBLICACIÓN, DISTRIBUCIÓN, ETC. | |
| Lugar de publicación, distribución, etc. | León : |
| Nombre del editor, distribuidor, etc. | [s.n.], |
| Fecha de publicación, distribución, etc. | 1879 ( |
| Fabricante | Est. tip. de Miñón) |
| 300 ## - DESCRIPCIÓN FÍSICA | |
| Extensión | 270, [8] h. de lám., [1] h. pleg. de mapa ; |
| Dimensiones | 20 cm. |
| 530 ## - NOTA DISPONIBLE DE FORMULARIO FÍSICO ADICIONAL | |
| Nota de formato físico adicional disponible | Disponible en formato digital. |
| 586 ## - NOTA DE PREMIOS | |
| Nota de premios | Premiada en público concurso por la Sociedad Económica de Amigos del País de León, e impresa a expensas de la misma. |
| 597 ## - NOTA DE DESCRIPCIÓN FÍSICA | |
| NOTA DE DESCRIPCIÓN FÍSICA | Port. con sello de la Sociedad Económica de Amigos del País, León. |
| 651 #4 - PUNTO DE ACCESO ADICIONAL DE MATERIA--NOMBRE GEOGRÁFICO | |
| Nombre geográfico | León (Provincia)- |
| Subdivisión de forma | Guías turísticas. |
| 9 (RLIN) | 163622 |
| 710 2# - ENTRADA AGREGADA--NOMBRE DE ENTIDAD CORPORATIVA | |
| Nombre de entidad corporativa o nombre de jurisdicción como elemento de entrada | Sociedad Económica de Amigos del País de León. |
| 9 (RLIN) | 173026 |
| 752 ## - ENTRADA AGREGADA--NOMBRE JERÁRQUICO DEL LUGAR | |
| País o entidad superior | España - |
| Ciudad | León |
| 852 ## - LOCALIZACIÓN | |
| Ubicación | ES-MaACL |
| Número de control de estantería | D-397 |
| Nota libre | - Enc. hol. grab. |
| 856 ## - LOCALIZACIÓN Y ACCESO ELECTRÓNICOS | |
| Identificador Uniforme de Recursos | <a href="http://bdh-rd.bne.es/viewer.vm?id=0000001145&page=1 ">http://bdh-rd.bne.es/viewer.vm?id=0000001145&page=1 </a> |
| Nota pública | Biblioteca Digital Hispánica |
| 856 ## - LOCALIZACIÓN Y ACCESO ELECTRÓNICOS | |
| Identificador Uniforme de Recursos | <a href="https://bvpb.mcu.es/es/consulta/registro.do?id=398416 ">https://bvpb.mcu.es/es/consulta/registro.do?id=398416 </a> |
| Nota pública | Biblioteca Virtual del Patrimonio Bibliográfico |
| Estatus retirado | Estado de pérdida | Estado de daño | No para préstamo | Colección | Biblioteca de origen | Biblioteca actual | Ubicación en estantería | Fecha de adquisición | Fuente de adquisición | Total de préstamos | Signatura topográfica completa | Código de barras | Visto por última vez | Precio de reemplazo | Tipo de ítem Koha |
|---|---|---|---|---|---|---|---|---|---|---|---|---|---|---|---|
| Colección digital | Biblioteca del Ateneo de Madrid | Biblioteca del Ateneo de Madrid | Sala Valle Inclán | 17/01/2008 | D-397 | 901167203 | 23/02/2023 | 23/02/2023 | Libro impreso antiguo |
